| 000 | 02151nam a2200613 i 4500 | ||
|---|---|---|---|
| 001 | 5272 | ||
| 003 | KOSZ 005 | ||
| 005 | 20221024141908.0 | ||
| 008 | 191024s1980 pl a f 001 0 pol | ||
| 015 | _aPB 1980/10356 | ||
| 020 | _a8321330088 | ||
| 035 | _a991013633529705066 | ||
| 035 | _a(PL-WaBN)b13670827-48omnis_nlop | ||
| 035 | _ab13670827 | ||
| 035 | _a(OCoLC)830966962 | ||
| 035 | _a(PL)b0000001367082 | ||
| 035 | _a(EXLNZ-48OMNIS_NETWORK)9910112529705606 | ||
| 040 |
_aWA N _cWA N _dKOSZ 005/RW |
||
| 046 | _k1980 | ||
| 080 | _a624.014 | ||
| 245 | 0 | 0 |
_aPoradnik projektanta konstrukcji metalowych. _nCz. 1 / _cpod kierunkiem Władysława Boguckiego ; autorzy W. Bogucki [et al.]. |
| 250 | _aWydanie I. | ||
| 260 |
_aWarszwa : _b"Arkady", _c1980. |
||
| 300 |
_a560 stron : _bilustracje, wykresy ; _c21 cm. |
||
| 336 |
_aTekst _btxt _2rdacontent |
||
| 337 |
_aBez urządzenia pośredniczącego _bn _2rdamedia |
||
| 338 |
_aWolumin _bnc _2rdacarrier |
||
| 380 | _aKsiążki | ||
| 380 | _aPublikacje fachowe | ||
| 388 | 1 | _a1901-2000 | |
| 388 | 1 | _a1945-1989 | |
| 504 | _aBibliografia przy rozdziałach. | ||
| 650 | 7 |
_aKonstrukcje metalowe _2DBN |
|
| 650 | 7 | _aProjekty | |
| 655 | 7 | _aPoradnik | |
| 655 | 7 | _aPraca zbiorowa | |
| 658 | _aArchitektura i budownictwo | ||
| 658 | _aInżynieria i technika | ||
| 700 | 1 |
_aBogucki, Władysław _d(1910-1992) _eAutor |
|
| 700 | 1 |
_aCichocki, Janusz _eAutor |
|
| 700 | 1 |
_aGłąbik, Józef _eAutor |
|
| 700 | 1 |
_aNiewiadomski, Jerzy _eAutor |
|
| 700 | 1 |
_aPogorzelski, Jerzy _eAutor |
|
| 700 | 1 |
_aRataj, Janusz _eAutor |
|
| 700 | 1 |
_aTrojan, Zdzisław _eAutor |
|
| 700 | 1 |
_aWłodarczyk, Sylwia _eAutor |
|
| 700 | 1 |
_aWojnowski, Włodzimierz _eAutor |
|
| 700 | 1 |
_aNiedzielski, Andrzej _eAutor _c (nauki techniczne) |
|
| 710 | 2 |
_aWydawnictwo Arkady _4pbl |
|
| 700 | 1 |
_aZiółko, Jerzy _d(1934-2020) _eAutor |
|
| 856 |
_uhttp://koha.tu.koszalin.pl/cgi-bin/koha/opac-detail.pl?biblionumber=5272 _yKatalog online BPK |
||
| 942 |
_2UKD _cKS |
||
| 999 |
_c5272 _d5272 |
||